000
00245nam a22001097a 4500
082
_a
808.2 BES'B
100
_a
BESIER, RUDOLF
_9
79250
245
_a
THE BARRETTS OF WIMPOLE SHEET
260
_a
LONDON
_b
OXFORD
_c
1955
300
_a
94P
942
_c
BK
999
_c
584302
_d
584302